| 000 | 01076nam a2200205Ia 4500 | ||
|---|---|---|---|
| 001 | b4639-30258 | ||
| 003 | IT-MiCISF | ||
| 008 | 161014s9999||||xx |||||||||||||| ||und|| | ||
| 040 |
_aIT-MiCISF _cIT-MiCISF |
||
| 041 | _ait | ||
| 100 | _aGiovanna della Croce | ||
| 245 | 0 |
_aIl genio femminile _bLa spiritualità della donna dal Medioevo ai nostri giorni |
|
| 250 | _a1a ed. | ||
| 260 |
_a Milano _bAres _c1999 |
||
| 300 | _app. 134 | ||
| 500 | _a / donna, chiesa, spiritualità, storia, teologia / L'A. di questo testo raccoglie l'invito di Giovanni Paolo II per una "rinnovata e universale presa di coscienza della dignità della donna", presentando una ricca galleria di figure femminili: Chiara di Assisi, Elsbeth Stagel, Ildegarda di Bingen, Matilde di Magdeburgo, Giuliana di Norwich, Giovanna di Chantal, Elisabetta della SS. Trinità, Raissa Maritain. L'intento è di scoprire il senso pieno della vocazione di madre, sorella, sposa, figlia, nel mondo come nel chiostro. | ||
| 650 |
_a Temi di pastorale / donna _e012 |
||
| 942 | _cBK | ||
| 957 | _71 | ||
| 999 |
_a30258 _bsi _g1 _c212599 _d212599 |
||